| 000 | 00481nam a2200181Ia 4500 | ||
|---|---|---|---|
| 003 | GCL | ||
| 008 | 140319s9999 xx 000 0 eng d | ||
| 040 |
_aGCL / _cGCL |
||
| 082 | 0 | 4 |
_a380.1 _bT J |
| 100 | 1 | _aTERPSTRA, VERN | |
| 245 | 1 | 0 |
_aINTERNATIONAL MARKETING / _cTERPSTRA, VERN |
| 700 | 1 | _aSARATHY,RAWR | |
| 260 |
_a[S.N] : _bTHE DRYDEN PRESS ، _c1994 |
||
| 300 | _a726 P | ||
| 650 | 0 | 4 | _aEXPORT MARKETING |
| 650 | 0 | 4 | _aINTERNATIONAL BUSINESS ENTERPRISE |
| 942 |
_2ddc _cBK |
||
| 999 |
_c16292 _d16292 |
||